La mujer rota

Salvato in:
Dettagli Bibliografici
Autore principale: Beauvoir, Simone de
Natura: Libro
Lingua:Undetermined
Pubblicazione: Bogotá, Colombia Círculo de lectores 1979
Edizione:Edición no abreviada
Serie:(Grandes autores, grandes obras)
Soggetti:
Tags: Aggiungi Tag
Nessun Tag, puoi essere il primo ad aggiungerne!!

MARC

LEADER 00000nam a2200000Ia 4500
008 170316s9999 xx 000 0 und d
040 |a cru BVZT 
090 |a 840 B-6mu 
100 |a Beauvoir, Simone de  |9 1612 
245 |a La mujer rota  |c / Simone de Beauvoir ; Dolores Sierra y Néstor Sánchez, traductores 
250 |a Edición no abreviada 
260 |a Bogotá, Colombia  |b Círculo de lectores  |c 1979 
300 |a 228 páginas 
490 |a (Grandes autores, grandes obras) 
650 |a LITERATURA FRANCESA  |9 109 
650 |a DESAMOR  |9 1613  |x RELACIÓN CONYUGAL 
650 |a PATRÓN CULTURAL  |9 1614  |x MUJER 
650 |a EXISTENCIALISMO  |9 633 
650 |a IDENTIDAD  |9 1615  |x MUJER 
650 |a DESPERSONALIZACIÓN  |e MUJER  |9 1616 
999 |c 30982  |d 30982 
942 |c 15 D  |h 840 B-6mu  |2 z